Kandidátska dizertačná práca : Vidiecke sídlo s rekreačnou funkciou /
Gespeichert in:
| 1. Verfasser: | |
|---|---|
| Weitere Verfasser: | |
| Format: | Manuskript Buch |
| Sprache: | Slowakisch |
| Veröffentlicht: |
Bratislava :
Slovenská vysoká škola technická v Bratislave, Fakulta architektúry,
apríl 1985
|
| Schlagworte: | |
| Tags: |
Keine Tags, Fügen Sie das erste Tag hinzu!
|
MARC
| LEADER | 00000ntm a22000003a 4500 | ||
|---|---|---|---|
| 001 | 0113909 | ||
| 003 | SK-STU | ||
| 005 | 20250121131938.9 | ||
| 007 | ta | ||
| 008 | 250121s2025----xo-----f-mn---000-0-slo-d | ||
| 040 | |a STU |b slo | ||
| 041 | 0 | |a slo | |
| 044 | |a xo |c SK | ||
| 100 | 1 | |a Sršeň, Andrej |4 aut | |
| 245 | 1 | 0 | |a Kandidátska dizertačná práca : Vidiecke sídlo s rekreačnou funkciou / |c aut. Andrej Sršeň ; škol. Michal Šarafín |
| 260 | |a Bratislava : |b Slovenská vysoká škola technická v Bratislave, Fakulta architektúry, |c apríl 1985 | ||
| 650 | 0 | 7 | |a rekreácia a voľný čas |
| 650 | 0 | 7 | |a vidiek |
| 650 | 0 | 7 | |a rekreačné zariadenia |
| 650 | 0 | 7 | |a typológia sídel |
| 650 | 0 | 7 | |a transformácia a opätovné využitie budovy |
| 700 | 1 | |a Šarafín, Michal, |d 1943- |4 ths |X 456 |7 A000000456 | |
| 996 | |b 284AU10309 |c A* 228/V |l AAKNST |s P |a 0 |w 0113909_0001 | ||